Gagnants du Soulier d'or européen - Statistiques

Statistiques générales
  • Ce quiz a été pris 78 fois
  • Le résultat moyen est 26 sur 56
Statistiques - réponses
Saison Club Tore Joueur % Correct
2007-2008 Manchester United 31 Cristiano Ronaldo
99%
2010-2011 Real Madrid 40 Cristiano Ronaldo
99%
2013-2014 Real Madrid 31 Cristiano Ronaldo
99%
2014-2015 Real Madrid 48 Cristiano Ronaldo
99%
2009-2010 FC Barcelone 34 Lionel Messi
99%
2011-2012 FC Barcelone 50 Lionel Messi
99%
2012-2013 FC Barcelone 46 Lionel Messi
99%
2016-2017 FC Barcelone 37 Lionel Messi
99%
2017-2018 FC Barcelone 34 Lionel Messi
99%
2018-2019 FC Barcelone 36 Lionel Messi
99%
2022-2023 Manchester City 36 Erling Haaland
97%
2024-2025 Real Madrid 31 Kylian Mbappé
97%
1996-1997 FC Barcelone 34 Ronaldo
97%
2013-2014 Liverpool FC 31 Luis Suárez
96%
2015-2016 FC Barcelone 40 Luis Suárez
96%
2023-2024 Bayern Munich 36 Harry Kane
94%
2020-2021 Bayern Munich 41 Robert Lewandowski
93%
2021-2022 Bayern Munich 35 Robert Lewandowski
93%
2003-2004 Arsenal FC 30 Thierry Henry
90%
2004-2005 Arsenal FC 25 Thierry Henry
90%
2019-2020 SS Lazio 36 Ciro Immobile
89%
2006-2007 AS Rome 26 Francesco Totti
83%
1967-1968 Benfica 42 Eusébio
76%
1972-1973 Benfica 40 Eusébio
76%
2004-2005 Villarreal CF 25 Diego Forlán
63%
2008-2009 Atlético de Madrid 32 Diego Forlán
63%
1969-1970 Bayern Munich 38 Gerd Müller
59%
1971-1972 Bayern Munich 40 Gerd Müller
59%
1985-1986 Ajax Amsterdam 37 Marco van Basten
34%
2000-2001 Celtic FC 35 Henrik Larsson
20%
2005-2006 ACF Fiorentina 31 Luca Toni
19%
1983-1984 Liverpool FC 32 Ian Rush
13%
1998-1999 FC Porto 36 Mário Jardel
11%
2001-2002 Sporting Portugal 42 Mário Jardel
11%
2002-2003 Deportivo La Corogne 29 Roy Makaay
11%
1970-1971 Olympique de Marseille 44 Josip Skoblar
10%
1982-1983 FC Porto 36 Fernando Gomes
4%
1984-1985 FC Porto 39 Fernando Gomes
4%
1989-1990 Real Madrid 38 Hugo Sánchez
4%
1977-1978 Rapid Vienne 41 Hans Krankl
3%
1990-1991 Étoile rouge de Belgrade 34 Darko Pančev
1%
1974-1975 Dinamo Bucarest 33 Dudu Georgescu
1%
1976-1977 Dinamo Bucarest 47 Dudu Georgescu
1%
1989-1990 CSKA Sofia 38 Hristo Stoitchkov
1%
1968-1969 CSKA Sofia 36 Petar Jekov
1%
1988-1989 Dinamo Bucarest 43 Dorin Mateuț
0%
1979-1980 K Lierse SK 39 Erwin Vandenbergh
0%
1980-1981 Botev Plovdiv 31 Georgi Slavkov
0%
1973-1974 Sporting Portugal 46 Héctor Yazalde
0%
1978-1979 AZ Alkmaar 34 Kees Kist
0%
1999-2000 Sunderland AFC 30 Kevin Phillips
0%
1997-1998 Vitesse Arnhem 34 Níkos Machlás
0%
1975-1976 Omónia Nicosie 39 Sotíris Kaïáfas
0%
1987-1988 Galatasaray SK 39 Tanju Çolak
0%
1986-1987 FK Austria Vienne 39 Toni Polster
0%
1981-1982 Ajax Amsterdam 32 Wim Kieft
0%
Aucun quiz correspondant
Distribution des résultats
% des personnes avec chaque résultat
Percentile par nombre de réponses
Votre historique - résultats
Vous n’avez pas pris ce quiz